000 004560000a22001810004500
003 MACL
005 20160122175949.0
008 160122b xxu||||| |||| 00| 0 eng d
040 _aMACL
_cMACL
041 _aEnglish
082 _a650.095/RAO
100 _aRao, S L
_934214
245 _aManaging the Indian State
260 _bAmexcel Publishers P Ltd
_c1999
_aNew Delhi
350 _a250
650 _aManagement
_934215
942 _cBK
_k650.095/RAO
_2ddc
999 _c33118
_d33118